| 000 | 01346nam a2200229Ia 4500 | ||
|---|---|---|---|
| 001 | 8347 | ||
| 003 | GE_BSU | ||
| 008 | 181216s||||||||xx |||||||||||||| ||und|| | ||
| 020 | _a9789941158964. | ||
| 040 | _cGE_BSU | ||
| 080 | _a902(479.22)(038)+94(479.220(093)(038) | ||
| 100 | _aგამყრელიძე,გელა,ბრაგვაძე,ზურაბ,მინდორაშვილი,დავით,კვაჭაძე,მარინე. | ||
| 245 | _aქართლის ცხოვრების ტოპოარქეოლოგიური ლექსიკონი. | ||
| 245 | _cრედ:და პროექტის ხელმძღვ.გ.გამყრელიძე.წინათქმა დავით ლორთქიფანიძისა. | ||
| 250 | _aსაქ.ეროვნუნ.მუზეუმი,ოთარ ლორთქიფანიძის არქეოლოგიური ცენტრი. 1-ლი გამოც. | ||
| 260 | _aთბილისი. | ||
| 260 | _bბაკურ სულაკაურის გამ-ბა. | ||
| 260 | _c2013. | ||
| 300 | _a739გვ;ილ;24სმ. | ||
| 653 | _aქართლის ცხოვრების ტოპოარქეოლოგიური ლექსიკონი. | ||
| 942 | _cBK | ||
| 999 |
_c41673 _d41673 |
||